Humor je viac než podväzkový pás cvičiteľka a spisovateľka Edita Sipeky rozmýšľa o ženách a o Adonisovi a píše o tom knihu

Bibliographic Details
Main Authors: Laucká, Barbora (Author, Interviewer), Sipeky, Edita, 1959-2010 (Author)
Format: Article
Language:Slovak
PhysicalDescription:Fotogr., tab.
ISSN:1335-440X
Subjects:

MARC

LEADER 00000nab a2200000 ar4500
001 vtls008934107
003 SK-MaSNL
005 20260303070603.0
008 061229c20060626xo |||||||||||000 b|slo
015 |a SNBRB2007/01  |2 snkbucl 
038 |a SNKBUCL 
040 |a SNKBUCL  |b slo  |c SNKBUCL  |e AACR2 
041 0 |a slo 
044 |a xo  |c SK 
080 |a 613.86:796  |2 2001 
080 |a 82:929:821.162.4  |2 2001 
080 |a 821.162.4:929  |2 2001 
100 1 |a Laucká, Barbora  |4 aut  |4 ivr  |9 268173 
245 1 0 |a Humor je viac než podväzkový pás  |b cvičiteľka a spisovateľka Edita Sipeky rozmýšľa o ženách a o Adonisovi a píše o tom knihu  |c Barbora Laucká 
300 |b Fotogr., tab. 
600 1 7 |a Sipeky, Edita,  |d 1959-2010  |2 snkbucl  |9 211052 
700 1 |a Sipeky, Edita,  |d 1959-2010  |4 aut  |4 ive  |9 211052 
773 0 |t Sme. Práca  |g Roč. 15, č. 146 (26.6.2006), s. 16  |x 1335-440X 
852 |a SNK  |b KIS3GCP 
958 |a SK 
999 |c 1756020  |d 1757950